| 000 | 00744nam a2200253 a 4500 | ||
|---|---|---|---|
| 999 |
_c869 _d869 |
||
| 008 | 191106r20122013ii a|||g |||| 001 0 eng d | ||
| 020 |
_a9788131800003 _cRs. 469.00 |
||
| 040 |
_aKO _beng |
||
| 041 | 0 | _aeng | |
| 044 | _aii | ||
| 082 | 0 | 4 |
_223 _a620.112 _bB2278 |
| 100 | 1 | _aBansal, R. K. | |
| 245 | 1 | 0 |
_aA Textbook of Strength of Materials : _bMechanics of Solids / _cR. K. Bansal |
| 250 | _a5th ed. | ||
| 260 |
_aNew Delhi : _bLaxmi Publications (P) Ltd, _c2012, reprinted 2013 |
||
| 300 |
_axvi, 1144 p. : _bill. ; _c24 cm. |
||
| 504 | _aIncludes index. | ||
| 650 | 0 |
_aStrains and stresses _vTextbooks |
|
| 650 | 0 |
_aDeformations (Mechanics) _vTextbooks |
|
| 650 | 0 | _aJoints (Engineering) | |
| 904 | _aS_JOY | ||
| 942 | _cBK | ||